000 00426 a2200157 4500
005 20250624104831.0
020 _a0-07-252744-7
082 _a658.4'032HIL
100 _aHILLIER. F. S.
245 _aIntroduction to Operations Research
250 _a8th Ed.
260 _aNew York,
_bJONES. E. A,
_c2005.
300 _axxv, 1061p,; ill, figure & table
_bAppendix & Index
_c26cm
700 _aLIEBERMAN. G. J.
942 _2ddc
_cBKS
999 _c4819
_d4819